{"text_format":"3","workbook":"xlsx","n_sheets":1,"sheets":["锁具"],"not_rendered":{"defined_names":1,"comments":1},"read":"whole","date_system":"1900"}

{"sheet":"锁具","index":0,"n_rows":37,"n_cols":13,"rows_kept":37,"merged":[[0,0,0,12]]}
["三固LOTO锁具采购清单"]
["序号","物资类别","物资名称","规格型号","品牌/厂家","单位","数量","单价","金额","最高限价","最高限额","申报部门","备注"]
[1,"LOTO锁具","安全挂锁\n（尼龙锁梁）",null,null,"把",30,null,null,120,{"$f":"G3*J3","v":3600},"三固安环部"]
[2,"LOTO锁具","安全挂锁\n（绝缘）",null,null,"把",30,null,null,120,3600,"三固安环部"]
[3,"LOTO锁具","钢缆挂锁",null,null,"把",10,null,null,120,1200,"三固安环部"]
[4,"LOTO锁具","绝缘锁钩",null,null,"个",20,null,null,60,1200,"三固安环部"]
[5,"LOTO锁具","钢制锁钩（6孔）",null,null,"个",40,null,null,60,2400,"三固安环部"]
[6,"LOTO锁具","普通型聚酯锁牌",null,null,"块",60,null,null,25,1500,"三固安环部"]
[7,"LOTO锁具","万能缆锁\n（尼龙线缆）",null,null,"个",12,null,null,200,2400,"三固安环部"]
[8,"LOTO锁具","万能缆锁\n（钢缆）",null,null,"个",12,null,null,280,3360,"三固安环部"]
[9,"LOTO锁具","大型万用阀门锁",null,null,"个",12,null,null,650,7800,"三固安环部"]
[10,"LOTO锁具","小型万用阀门锁",null,null,"个",12,null,null,650,7800,"三固安环部"]
[11,"LOTO锁具","气动快速断路锁",null,null,"个",6,null,null,150,900,"三固安环部"]
[12,"LOTO锁具","卡箍式断路器锁（120/277V)",null,null,"个",6,null,null,50,300,"三固安环部"]
[13,"LOTO锁具","卡箍式断路器锁（480/600V)",null,null,"个",6,null,null,80,480,"三固安环部"]
[14,"LOTO锁具","万用多极断路器锁",null,null,"个",6,null,null,70,420,"三固安环部"]
[15,"LOTO锁具","微型断路器锁","适用于柄宽20mm以下断路器",null,"个",12,null,null,50,600,"三固安环部"]
[16,"LOTO锁具","微型断路器锁","适用于柄宽11mm以下断路器",null,"个",12,null,null,50,600,"三固安环部"]
[17,"LOTO锁具","按键锁","22mm孔径",null,"个",6,null,null,150,900,"三固安环部"]
[18,"LOTO锁具","按键锁","30mm孔径",null,"个",6,null,null,150,900,"三固安环部"]
[19,"LOTO锁具","不规则动力源上锁装置",null,null,"个",6,null,null,150,900,"三固安环部"]
[20,"LOTO锁具","挂锁存放箱",null,null,"个",1,null,null,1000,1000,"三固安环部"]
[21,"LOTO锁具","10锁挂板箱",null,null,"个",1,null,null,800,800,"三固安环部"]
[22,"LOTO锁具","通用墙壁开关锁具",null,null,"个",12,null,null,70,840,"三固安环部"]
[299,"生产耗材","透明胶带","100m*5cm*2.5mm",null,"卷",1500,null,null,{"$f":"K25/G25*10000","v":7},1.05,"三固生产部"]
[300,"生产耗材","黄色胶带","100m*5cm*2.5mm",null,"卷",500,null,null,7,0.35,"三固生产部"]
[301,"生产耗材","红色胶带","100m*5cm*2.5mm",null,"卷",100,null,null,70,0.7,"三固生产部"]
[302,"生产耗材","拖把","普通拖把",null,"把",150,null,null,30,0.45,"三固生产部"]
[303,"生产耗材","拖把","板拖把，大号",null,"把",100,null,null,30,0.3,"三固生产部"]
[304,"生产耗材","刮水器","60cm，硅胶不锈钢刮头，长杆；",null,"把",65,null,null,45,0.2925,"三固生产部"]
[305,"生产耗材","刮水器","75cm，硅胶不锈钢刮头，长杆；",null,"把",50,null,null,36,0.18,"三固生产部40/安环部10"]
[306,"生产耗材","DN50软管","厚3mm,透明，耐酸碱，耐油钢丝软管",null,"米",100,null,null,30,0.3,"三固生产部"]
[307,"生产耗材","DN80软管","厚3mm,透明，耐酸碱，耐油钢丝软管",null,"米",100,null,null,30,0.3,"三固生产部"]
[308,"生产耗材","DN20软管","厚3mm,透明，耐酸碱，耐油钢丝软管",null,"米",100,null,null,30,0.3,"三固生产部"]
[309,"生产耗材","DN25软管","厚3mm,透明，耐酸碱，耐油钢丝软管",null,"米",100,null,null,30,0.3,"三固生产部"]
[{"$nulls":10},{"$f":"SUM(K25:K35)","v":4.5225}]
[{"$nulls":9},"合计",{"$f":"SUBTOTAL(9,K3:K36)","v":43500}]